000 01058namaa22002771a 4500
003 PES SENCICO BE
005 20251020182639.0
006 t||||| m||| 00| 0
007 tz
008 230710b |||||||| m||| 00| 0 eng d
040 _aPE SENCICO BE
_cPE SENCICO BE
041 _aspa
084 _aI
_aTOP
_a2015
_bZ36
100 1 _91222
_aZanabria Medina, Marcelino
_eautor
245 1 _aTopografía en edificaciones /
_cMarcelino Zanabria Medina
260 _aLima :
_c2015
300 _a37 h. :
_bil. col., diagrs. ;
_c29 cm.
502 _aMonografía de Titulación.-- Servicio Nacional de Capacitación para la Industria de la Construcción. Escuela Superior Técnica. Carrera Profesional Técnica en Topografía y Geodesía, 2015.
650 1 4 _94
_aTopografía
650 2 4 _9216
_aEdificaciones
650 2 4 _9116
_aLevantamiento topográfico
650 2 4 _916
_aDiseño de estructuras
710 1 _aServicio Nacional de Capacitación para la Industria de la Construcción.
_bEscuela Superior Técnica
_91065
910 _bhfp
_chfp
942 _cMON
999 _c4235
_d4235